000 00482nam a22001817a 4500
003 NUST - PNEC
005 20170116181132.0
008 151006b xxu||||| |||| 00| 0 eng d
020 _a0471637343
040 _cLIBRARY
082 _a660.283 JOH
100 _914047
_aJohnson, Curtis D.
245 _aProcess control instrumentation technology
_cCurtis D.Johnson
250 _a3rd ed.
260 _cc.1977
650 _914050
_aProcess control
_xME, MS CONT
942 _2ddc
_cBK
999 _c70036
_d70036